Southville International School and Colleges
Your cart is empty.
  • Cart
  • Lists
    Public lists Eva Luna New books Lux_list list_1
    Your lists Log in to create your own lists
  • Log in to your account
  • Your cookies
  • Search history
Southville International School and Colleges
  • Advanced search
  • Recent comments
  • Most popular
  • Libraries

Log in to your account

Log in with GOOGLE


If you do not have an external account, but do have a local account, you can still log in:

  1. Home
  2. MARC view: Full quarter storms :
Normal view MARC view ISBD view

Full quarter storms : (Record no. 115663)

[ view plain ]
MARC details
000 -LEADER
fixed length control field 00675nam a2200205Ia 4500
003 - CONTROL NUMBER IDENTIFIER
control field PILC
005 - DATE AND TIME OF LATEST TRANSACTION
control field 20160222145929.0
008 - FIXED-LENGTH DATA ELEMENTS--GENERAL INFORMATION
fixed length control field 140429s9999 xx 000 0 und d
020 ## - INTERNATIONAL STANDARD BOOK NUMBER
International Standard Book Number 9789719499008
050 ## - LIBRARY OF CONGRESS CALL NUMBER
Classification number DS 686.6.M4
Item number .M483 2010
100 ## - MAIN ENTRY--PERSONAL NAME
Personal name Melencio, Cesar S.
245 ## - TITLE STATEMENT
Title Full quarter storms :
Remainder of title memoirs and writings on the Philippine left (1970-2010) /
Statement of responsibility, etc Cesar 'Sonny' Melencio.
260 ## - PUBLICATION, DISTRIBUTION, ETC. (IMPRINT)
Place of publication, distribution, etc Quezon City :
Name of publisher, distributor, etc Transform Asia,
Date of publication, distribution, etc 2010.
300 ## - PHYSICAL DESCRIPTION
Extent 231 pages ;
Dimensions 23 cm.
650 ## - SUBJECT ADDED ENTRY--TOPICAL TERM
Topical term or geographic name as entry element Communist parties
General subdivision Philippines.
650 ## - SUBJECT ADDED ENTRY--TOPICAL TERM
Topical term or geographic name as entry element Philippines
General subdivision Politics and government.
650 ## - SUBJECT ADDED ENTRY--TOPICAL TERM
Topical term or geographic name as entry element Polotical parties
General subdivision Philippines.
942 ## - ADDED ENTRY ELEMENTS (KOHA)
Call number prefix Local
Koha item type Books
Source of classification or shelving scheme Library of Congress Classification
Holdings
Withdrawn status Lost status Source of classification or shelving scheme Damaged status Home library Current library Shelving location Date acquired Source of acquisition Cost, normal purchase price Total Checkouts Full call number Barcode Date last seen Price effective from Koha item type
    Library of Congress Classification   College Library College Library Filipiniana Section 04/29/2014 Library Fund 320.00   DS 686.6.M4 .M483 2010 C16978 05/08/2018 04/29/2014 Books

Full quarter storms :

APA

Melencio C. S., . (2010). Full quarter storms. Quezon City: Transform Asia.

Chicago

Melencio Cesar S, . 2010. Full quarter storms. Quezon City: Transform Asia.

Harvard

Melencio C. S., . (2010). Full quarter storms. Quezon City: Transform Asia.

MLA

Melencio Cesar S, . Full quarter storms. Quezon City: Transform Asia. 2010.

  • Place hold
  • Print
  • Cite
  • Add to your cart (remove)
  • Save record
    BIBTEX Dublin Core MARCXML MARC (non-Unicode/MARC-8) MARC (Unicode/UTF-8) MARC (Unicode/UTF-8, Standard) MODS (XML) RIS
  • More searches
    Search for this title in:
    Other Libraries (WorldCat) Other Databases (Google Scholar) Online Stores (Bookfinder.com) Open Library (openlibrary.org)

Exporting to Dublin Core...

SOUTHVILLE LIBRARY

Southville International School and Colleges Library

1281 Tropical Ave. Cor. Luxembourg St., BF Homes International, Las Pinas City

Tel. No. 8256374 / 252358 Loc. 117/146

Powered by Koha